000 04237nab a2200433 i 4500
003 BR-BrBNA
005 20240821113317.0
008 240821b2018 bl.|r|pooa||| 00| 0 por |
040 _aBR-BrBNA
_bpor
072 _aL01
_b5300
072 _aU10
100 _aBorges, D.S.
100 _aAgostini, P.S.
100 _aPierozan, C.R.
100 _aDias, C.P.
100 _aCallegari, M.A.
100 _aNovais, A.K.
100 _aSantos, R K.S.
100 _aPereira Junior, M.
100 _aAlves, J.B.
100 _aGasa, J.
100 _a Silva, C.A.
245 _aCaracterização dos fatores de produção e uso de modelos matemáticos para estimar sua influência sobre o consumo diário de ração e a conversão alimentar de suínos nas fases de crescimento e terminação
500 _aPublicação online; 20 ref.; 5 tables; Summaries (En, Pt)
520 _a RESUMO - O objetivo deste estudo foi identificar e quantificar os fatores de produção presentes em granjas de crescimento e terminação (CT) de suínos, em um sistema cooperativo do estado do Paraná, Brasil, e determinar a influência desses fatores no consumo diário de ração (CDR) e na conversão alimentar (CA). Foram avaliados, entre os anos de 2010 e 2013, os históricos produtivos de 538 lotes de engorda, alojados em 175 granjas comerciais, totalizando aproximadamente 404.000 animais. Foram considerados 40 fatores de produção, relacionados ao manejo, à sanidade, às instalações e aos equipamentos, à nutrição, à genética e ao ambiente. Em baias com menos de 20 suínos, o CDR diminuiu (P<0,05) e a CA melhorou (P<0,01). Nas baias com comedouros basculantes (lineares), o CDR reduziu (P<0,01) e a CA melhorou (P=0,001). Em baias com lâmina d’água, o CDR aumentou (P<0,01) e a CA piorou (P<0,01). Lotes formados apenas por fêmeas apresentaram menor CDR (P<0,001) e melhor CA (P<0,001), quando comparados aos lotes mistos. As variáveis selecionadas para os modelos finais explicaram cerca de 25% e 46% da variância total para CDR e para a CA, respectivamente. Os modelos constituem um instrumento de auxílio efetivo para tomadas de decisões técnicas dentro do setor suinícola. Palavras-chave: alimentação, índices de produção, modelagem, produção de suínos
520 _a ABSTRACT - The aim of this study was to identify and quantify the production factors present in growing and finishing (GF) pig farms partners of a cooperative in Paraná State, Brazil, and to determine the influence of these factors on daily feed intake (DFI) and the feed conversion ratio (FCR). From 2010 to 2013, the historical production of 538 batches of fattening pigs in 175 commercial farms were analyzed, in an amount approximately 404,000 animals. A total of 40 production factors regarding the management, sanity, plant and equipment, nutrition, genetics and environment were taken into consideration. Pens with less than 20 pigs resulted in a reduction in DFI (P<0.05) and an improved FCR (P<0.01). In pens that used linear dump feeders, the DFI was less (P<0.01) and the FCR was better (P=0.001). Pens with shallow pools had higher DFI (P<0.01) and worse FCR (P<0.01). Batches of females had lower DFI (P<0.001) and better FCR (P<0.001) compared to mixed-sex batches. The factors used for the final models explained the 25% and 46% of the total variance for the DFI and FCR, respectively. The models consist in effective aid instruments for technical decision making in the swine industry. Keywords: feeding, modeling, pig production, production indexe
650 _aSUÍNO
650 _aGRANJA
650 _aCRIAÇÃO
650 _aRAÇÃO
650 _aCONVERSÃO ALIMENTAR
650 _aSISTEMA DE PRODUÇÃO
650 _aMODELO MATEMÁTICO
650 _aCOOPERATIVA
773 0 _01643
_9317174
_dBelo Horizonte-MG Universidade Federal de Minas Gerais - Escola de Veterinaria 1983
_o2024-3790
_tArquivo Brasileiro de Medicina Veterinária e Zootecnia (Brazil)
_x0102-0935
_gv. 70(1) p. 263-271; (2018)
_wBR2024002295
856 _uhttps://www.scielo.br/j/abmvz/a/KZ7QV9xnd7kYmQPsQVKksLG/?format=pdf&lang=pt
942 _cAnalítica
999 _c300977
_d300977